00388nam a2200133 a 45000010005000000030005000050050017000100080041000270400026000681100044000942450076001382600022002146500018002363763CDMR20130522132031.0130130s1991||||||||||||||||||||||||||||d aCDMRbcatcCPC LLEIDA2 aInternational Federation of Journalists10aWhat is journalists' copyrightcInternational Federation of Journalists aLondonc1991bIFJ04aDrets d'autor